السلوك والدوافع والتلقي / (Record no. 13939)
[ view plain ]
| 000 -الفاتح | |
|---|---|
| حقل البيانات ثابتة الطول | 00728nam a22001697a 4500 |
| 008 - عناصر البيانات ثابتة الطول - معلومات عامة | |
| حقل البيانات ثابتة الطول | 100426s2006 ua|||||r|||| 000 0 ara d |
| 020 ## - الرقم الدولى المعيارى للكتب | |
| الرقم الدولى المعيارى للكتاب | 9773441172 |
| 082 ## - رقم تصنيف ديوى العشرى | |
| رقم الطبعة | 22 |
| رقم التصنيف | 260 |
| رقم المادة | ش ا ذ |
| 100 ## - المدخل الرئيسى - إسم شخصى | |
| 9 (RLIN) | 13690 |
| الإسم الشخصى | الشاذلي، عبدالله |
| 245 ## - بيان العنوان | |
| العنوان | السلوك والدوافع والتلقي / |
| بيان المسئوليه,etc | عبدالله الشاذلي |
| 260 ## - PUBLICATION, DISTRIBUTION, ETC. (IMPRINT) | |
| مكان الناشر او الموزع | القاهرة: |
| اسم الناشر او الموزع | دار الآفاق العربية ، 2006 |
| تاريخ النشر أو التوزيع | 2006 |
| 300 ## - الوصف المادى | |
| التعداد | 439 ص؛ |
| أبعاد الوعاء | 23 سم |
| 490 ## - بيان السلسلة | |
| عنوان السلسلة | موسوعة التصوف الإسلامي ؛ |
| رقم المجلد/ التعيين التسلسلي | 4 |
| 650 ## - المدخل الاضافى بالموضوع-مصطلح موضوعى | |
| 9 (RLIN) | 8787 |
| مصطلح موضوعي أو اسم جغرافي كعنصر مدخل | التصوف الإسلامى |
| 942 ## - عناصر المدخل الإضافي( كوها) | |
| مصدر التصنيف او مخطط الترفيف | Dewey Decimal Classification |
| Koha [default] item type | Book - Borrowing |
| حالة التراجع | حالة الفقد | مصدر التصنيف او خطة الترفيف | حالة تلف | ليس للاعارة | مجموعات كوها | المكان الدائم | المكان الحالي | موقع الترفيف | تاريخ الاكتساب | Source of acquisition | رقم الاستدعاء | الباركود | Date last seen | نوع الوعاء |
|---|---|---|---|---|---|---|---|---|---|---|---|---|---|---|
| Dewey Decimal Classification | Central Library | Central Library | Lower Floor | 26/04/2010 | 260 الش | 000020731 | 15/07/2025 | Book - Borrowing |